000 00565nam a22001577a 4500
003 MACL
005 20240511151542.0
008 240511b |||||||| |||| 00| 0 eng d
040 _cMACL
082 _a540
100 _aअग्रवाल डॉ. बबिता
_982366
245 _aसौंदर्य प्रसाधनों का रसायन विज्ञान
260 _aभोपाल
_bआईसेेक्‍ट प‍ब्‍लिकेशन
_c2022
650 _aरसायन विज्ञान
_951767
942 _2ddc
_cHIN
999 _c66836
_d66836